الدكتور نور الدين عتر وجهوده في علوم الحديث /
Saved in:
| 主要作者: | |
|---|---|
| 其他作者: | |
| 格式: | Thesis |
| 語言: | Arabic |
| 出版: |
Dimashq :
Jami'at Dimashq,
2007
|
| 主題: | |
| 標簽: |
添加標簽
沒有標簽, 成為第一個標記此記錄!
|
| LEADER | 015200000a22003130004500 | ||
|---|---|---|---|
| 008 | 130924s2007 sy f 000 0 ara d | ||
| 040 | |a UIAM |b eng | ||
| 041 | |a ara | ||
| 050 | 4 | |a BP80.I87 | |
| 100 | 1 | |a خلف، عبد العزيز محمد | |
| 242 | 1 | 3 | |a al-Duktur Nur al-Din 'Itr wa juhuduhu fi 'ulum al-hadith |
| 245 | 1 | 2 | |a الدكتور نور الدين عتر وجهوده في علوم الحديث / |c إعداد الطالب، عبد العزيز محمد الخلف |
| 260 | |a Dimashq : |b Jami'at Dimashq, |c 2007 | ||
| 300 | |a 283 leaves ; |c 30 cm. | ||
| 500 | |a "رسالة أعدت لنيل درجة الماجستير في الحديث النبوي وعلومه" --On t.p. | ||
| 502 | |a Thesis (M.A.)--Jami'at Dimashq, 2007. | ||
| 504 | |a Includes bibliographical references (leaves 270-279). | ||
| 596 | |a 1 | ||
| 600 | 1 | 0 | |a 'Itr, Nur al-Din |
| 650 | 0 | |a Hadith |x Criticism, interpretation, etc | |
| 650 | 0 | |a Hadith |x Authorities | |
| 655 | |a Theses, Facsimile edition (Islamic) | ||
| 700 | 1 | |a Khalaf, 'Abd al-'Aziz Muhammad | |
| 710 | 2 | |a Jami'at Dimashq. |b Kulliyat al-Shari'ah. Qism 'Ulum al-Qur'an wa al-Sunnah | |
| 710 | 2 | |a جامعة دمشق. |b كلية الشريعة. قسم علوم القران والسنة | |
| 900 | |a arf-sar | ||
| 999 | |c 438994 |c 438994 |d 469030 |d 469030 | ||
| 999 | |c 438994 |c 438994 |d 469030 |d 469030 | ||
| 952 | |0 0 |6 TI BP 000080 I87 K45D 2007 |7 0 |8 THESES |9 758440 |a IIUM |b IIUM |c MULTIMEDIA |g 360.00 |o ti BP 80 I87 K45D 2007 |p 00011277456 |r 2017-10-23 |t 1 |v 360.00 |y THESIS | ||
